000 00673nam a2200229 i 4500
001 77931
003 ES-MaACL
005 20250507063020.0
007 t|
008 041115q1956 sp ||||1| spa d
080 _a087.5:372.4
080 _a946(075.2)
080 _a372.4
100 0 _aSerrano de Haro, Agustín,
_d1960-
_9105744
245 1 0 _aEspaña es así /
_cpor Agustín Serrano de Haro.
250 _a17ª ed.
260 _aMadrid :
_bEscuela Española,
_c1956 (
_fSucs. J. Sánchez de Ocaña)
300 _a318 p. :
_bgrab. ;
_c19 cm.
651 4 _aEspaña-
_xHistoria.
_98209
852 _aES-MaACL
_jE-10393
_bR.133695
999 _c77931
_d77931